MARC details
| 000 -CABECERA |
| campo de control de longitud fija |
01703nam a22003857a 4500 |
| 003 - IDENTIFICADOR DEL NÚMERO DE CONTROL |
| campo de control |
DO-SdBNP |
| 005 - FECHA Y HORA DE LA ÚLTIMA TRANSACCIÓN |
| campo de control |
20240508073818.0 |
| 007 - CAMPO FIJO DE DESCRIPCIÓN FÍSICA--INFORMACIÓN GENERAL |
| campo de control de longitud fija |
ta |
| 008 - DATOS DE LONGITUD FIJA--INFORMACIÓN GENERAL |
| campo de control de longitud fija |
210216b 2020 dr a c 00| 0 eng d |
| 020 ## - NÚMERO INTERNACIONAL ESTÁNDAR DEL LIBRO |
| Número Internacional Estándar del Libro |
9789945586978 (v. 1) |
| 020 ## - NÚMERO INTERNACIONAL ESTÁNDAR DEL LIBRO |
| Número Internacional Estándar del Libro |
9789945913132 (v. 2) |
| 040 ## - FUENTE DE LA CATALOGACIÓN |
| Centro catalogador/agencia de origen |
DO-SdBNP |
| Lengua de catalogación |
spa |
| Centro/agencia transcriptor |
BNPHU |
| 082 #4 - NÚMERO DE LA CLASIFICACIÓN DECIMAL DEWEY |
| Número de clasificación |
972.93052 |
| Número de documento/Ítem |
V335H |
| Número de edición |
22 |
| 100 1# - ENTRADA PRINCIPAL--NOMBRE DE PERSONA |
| Nombre de persona |
Vásquez, Horacio, |
| Fechas asociadas al nombre |
1860-1936 |
| 9 (RLIN) |
40202 |
| 245 10 - MENCIÓN DE TÍTULO |
| Título |
Horacio Vásquez : |
| Resto del título |
mensajes y memorias 1924-1930 / |
| Mención de responsabilidad, etc. |
compilador Ricardo Hernández ; presentación Roberto Cassá ; Introducción Ricardo Hernández. |
| 260 ## - PUBLICACIÓN, DISTRIBUCIÓN, ETC. |
| Lugar de publicación, distribución, etc. |
Santo Domingo : |
| Nombre del editor, distribuidor, etc. |
Archivo General de la Nación, |
| Fecha de publicación, distribución, etc. |
2020. |
| 300 ## - DESCRIPCIÓN FÍSICA |
| Extensión |
2 v. : |
| Otras características físicas |
iustraciones, fotos.; |
| Dimensiones |
27 cm. |
| 490 1# - MENCIÓN DE SERIE |
| Mención de serie |
Archivo General de Nación |
| Designación de volumen o secuencia |
301 |
| 490 1# - MENCIÓN DE SERIE |
| Mención de serie |
Archivo General de la Nación |
| Designación de volumen o secuencia |
338 |
| 490 1# - MENCIÓN DE SERIE |
| Mención de serie |
Presidentes dominicanos |
| 500 ## - NOTA GENERAL |
| Nota general |
Incluye datos biográficos del compilador en las solapas. |
| 500 ## - NOTA GENERAL |
| Nota general |
Incluye referencias bibliográficas y notas al pie de las páginas. |
| 500 ## - NOTA GENERAL |
| Nota general |
Incluye índice onomástico |
| 505 0# - NOTA DE CONTENIDO CON FORMATO |
| Nota de contenido con formato |
v.1 -- |
| Título |
Cronología política abierta de Horacio Vásquez -- |
| Información miscelánea |
v. 2. |
| Título |
El partido horacista . |
| 590 ## - NOTA LOCAL (RLIN) |
| Nota local |
Inventariado, 2021 /LP<br/> |
| 600 14 - PUNTO DE ACCESO ADICIONAL DE MATERIA--NOMBRE DE PERSONA |
| Nombre de persona |
Vásquez, Horacio, |
| Fechas asociadas al nombre |
1860-1936 |
| Subdivisión de forma |
Ensayos, conferencias, etc. |
| 9 (RLIN) |
78474 |
| 651 #4 - PUNTO DE ACCESO ADICIONAL DE MATERIA--NOMBRE GEOGRÁFICO |
| Nombre geográfico |
República Dominicana |
| Subdivisión general |
Historia |
| Subdivisión cronológica |
1924-1930 |
| 9 (RLIN) |
52895 |
| 651 #4 - PUNTO DE ACCESO ADICIONAL DE MATERIA--NOMBRE GEOGRÁFICO |
| Nombre geográfico |
República Dominicana |
| Subdivisión general |
Política y gobierno |
| -- |
Historia |
| Subdivisión cronológica |
1924-1930 |
| 9 (RLIN) |
78475 |
| 700 1# - PUNTO DE ACCESO ADICIONAL--NOMBRE DE PERSONA |
| Nombre de persona |
Hernández, Ricardo, |
| Fechas asociadas al nombre |
1954- |
| Término indicativo de función/relación |
compilador. |
| 9 (RLIN) |
77790 |
| 700 1# - PUNTO DE ACCESO ADICIONAL--NOMBRE DE PERSONA |
| Nombre de persona |
Cassá, Roberto, |
| Fechas asociadas al nombre |
1948- |
| Término indicativo de función/relación |
presentación |
| 9 (RLIN) |
10888 |
| 830 #0 - PUNTO DE ACCESO ADICIONAL DE SERIE-TÍTULO UNIFORME |
| Título uniforme |
Archivo General de Nación |
| Número de parte o sección de la obra |
301 |
| 9 (RLIN) |
77792 |
| 830 #0 - PUNTO DE ACCESO ADICIONAL DE SERIE-TÍTULO UNIFORME |
| Título uniforme |
Archivo General de Nación |
| Número de parte o sección de la obra |
338 |
| 9 (RLIN) |
77794 |
| 830 #0 - PUNTO DE ACCESO ADICIONAL DE SERIE-TÍTULO UNIFORME |
| Título uniforme |
Presidentes dominicanos |
| 9 (RLIN) |
77793 |
| 942 ## - ELEMENTOS DE PUNTO DE ACCESO ADICIONAL (KOHA) |
| Fuente del sistema de clasificación o colocación |
Dewey Decimal Classification |
| Tipo de ítem Koha |
Libro |